000
00267nam a2200133Ia 4500
100
_a
Datapro
942
_c
BK
654
_a
Basic Plus
245
_a
Basic Plus 2
260
_b
Datapro consultancy Services
_a
Pune
300
_a
84
546
_a
ENGLISH
999
_c
23041
_d
23041